Pakistan National Bibliography 1947-61(500-900)and 1997-2003 (Record no. 298333)
[ view plain ]
| 000 -LEADER | |
|---|---|
| fixed length control field | 00307 a2200109 4500 |
| 001 - CONTROL NUMBER | |
| control field | 63260 |
| 082 ## - DEWEY DECIMAL CLASSIFICATION NUMBER | |
| Classification number | 010.5491 NLP |
| 090 ## - LOCALLY ASSIGNED LC-TYPE CALL NUMBER (OCLC); LOCAL CALL NUMBER (RLIN) | |
| -- | 37324 |
| -- | 37324 |
| 100 ## - MAIN ENTRY--PERSONAL NAME | |
| Personal name | National Library Of Pakistan |
| 245 ## - TITLE STATEMENT | |
| Title | Pakistan National Bibliography 1947-61(500-900)and 1997-2003 |
| 260 ## - PUBLICATION, DISTRIBUTION, ETC. | |
| Place of publication, distribution, etc. | Washington |
| Name of publisher, distributor, etc. | Microsoft Press |
| 942 ## - ADDED ENTRY ELEMENTS (KOHA) | |
| Institution code [OBSOLETE] | NUST-CAE |
| Call number prefix | 010.5491 NLP |
| Withdrawn status | Lost status | Damaged status | Not for loan | Collection code | Permanent Location | Current Location | Date acquired | Total Checkouts | Full call number | Barcode | Date last seen | Price effective from | Koha item type |
|---|---|---|---|---|---|---|---|---|---|---|---|---|---|
| College of Aeronautical Engineering (CAE) | College of Aeronautical Engineering (CAE) | 04/03/2017 | 010.5491 NLP | CAEG-5585 | 04/05/2017 | 04/05/2017 | Book |
